[Event "Cappelle-la-Grande"]
[Site "Cappelle-la-Grande (FRA)"]
[Date "2013.02.26"]
[Round "5.44"]
[White "Andreev, Eduard"]
[Black "Chomet, Pascal"]
[Result "1-0"]
[WhiteElo "2514"]
[BlackElo "2318"]
[PlyCount "87"]
[EventDate "2013.??.??"]

1. e4 c5 2. Nf3 g6 3. d4 Bg7 4. Nc3 cxd4 5. Nxd4 Nc6 6. Be3 d6 7. Qd2 Nf6 8. f3
O-O 9. O-O-O Nxd4 10. Bxd4 Be6 11. Kb1 Qc7 12. g4 Rfc8 13. h4 Qa5 14. a3 Rab8
15. Ne2 Qa4 16. Nc3 Qa5 17. h5 b5 18. hxg6 fxg6 19. Bxf6 exf6 20. Qxd6 Bf7 21.
Nd5 Rd8 22. Qb4 Qc7 23. Qd2 Bxd5 24. exd5 Bf8 25. Qd4 Rb6 26. f4 b4 27. a4 Bd6
28. Bc4 b3 29. cxb3 Qg7 30. Rh3 Rb7 31. Rdh1 Qf8 32. Re1 a5 33. Re6 Rf7 34. g5
fxg5 35. Rxg6+ Rg7 36. Rxg7+ Qxg7 37. Qxg7+ Kxg7 38. fxg5 Bf4 39. b4 axb4 40.
a5 Bxg5 41. a6 Ra8 42. d6 Bf4 43. d7 Bc7 44. Re3 1-0

[Event "Cappelle-la-Grande"]
[Site "Cappelle-la-Grande (FRA)"]
[Date "2013.02.26"]
[Round "5.45"]
[White "Migot, Tangi"]
[Black "Glud, Jakob Vang"]
[Result "0-1"]
[WhiteElo "2284"]
[BlackElo "2514"]
[PlyCount "148"]
[EventDate "2013.??.??"]

1. e4 e5 2. Nf3 Nc6 3. Nc3 g6 4. Bc4 Bg7 5. d3 d6 6. Bg5 f6 7. Be3 Na5 8. Bxg8
Rxg8 9. Qd2 Be6 10. Nd5 Nc6 11. d4 Ne7 12. c4 c6 13. Nxe7 Qxe7 14. dxe5 dxe5
15. Qc2 Qb4+ 16. Nd2 Kf7 17. O-O Rgd8 18. a3 Qa5 19. b4 Qa6 20. a4 Bf8 21. Rfb1
b6 22. a5 b5 23. cxb5 cxb5 24. Nb3 Bc4 25. Nc5 Bxc5 26. Bxc5 Qe6 27. Rd1 Bb3
28. Rxd8 Rxd8 29. Qe2 a6 30. Qe3 Kg7 31. f4 Bc4 32. fxe5 Qxe5 33. Re1 Rd3 34.
Qf2 h5 35. Kh1 Kf7 36. Kg1 Kg8 37. Kh1 Kf7 38. Kg1 Be6 39. Rf1 Qc3 40. Qf4 Kg7
41. Qc7+ Bf7 42. Qb6 Qe5 43. Qxa6 g5 44. Qc8 Qxe4 45. Qf8+ Kg6 46. Qh8 f5 47.
Bf8 Qd4+ 48. Qxd4 Rxd4 49. Bc5 Rd2 50. Rf2 Rd3 51. a6 Bc4 52. h4 g4 53. a7 g3
54. Rf1 Ra3 55. Rd1 Bd5 56. Bd6 Be4 57. Re1 Rxa7 58. Bxg3 Ra2 59. Bf2 Rb2 60.
Rd1 Rxb4 61. Rd6+ Kf7 62. Rh6 Rb1+ 63. Kh2 Rf1 64. Kg3 b4 65. Rxh5 b3 66. Bd4
Rd1 67. Bh8 Rd2 68. Kf4 Rxg2 69. Rg5 b2 70. Bxb2 Rxb2 71. Rg3 Kf6 72. h5 Rf2+
73. Ke3 Rh2 74. Kf4 Rh4+ 0-1

[Event "Cappelle-la-Grande"]
[Site "Cappelle-la-Grande (FRA)"]
[Date "2013.02.26"]
[Round "5.47"]
[White "Bartel, Michal"]
[Black "Semcesen, Daniel"]
[Result "0-1"]
[WhiteElo "2273"]
[BlackElo "2479"]
[PlyCount "108"]
[EventDate "2013.??.??"]

1. e4 e5 2. Nf3 Nc6 3. Bb5 a6 4. Ba4 Nf6 5. O-O Nxe4 6. Qe2 Nc5 7. Bxc6 dxc6 8.
d4 Ne6 9. dxe5 Nd4 10. Nxd4 Qxd4 11. Rd1 Qg4 12. Nc3 Bc5 13. Qxg4 Bxg4 14. Re1
O-O-O 15. Ne4 Bd4 16. h3 Be6 17. Ng5 Rd5 18. Nf3 Bc5 19. Be3 Be7 20. Bg5 Bc5
21. Be3 Be7 22. Bg5 Bf8 23. Rad1 h6 24. Be3 Be7 25. Rxd5 cxd5 26. Nd4 Bd7 27.
c3 c5 28. Ne2 g5 29. Rd1 Be6 30. f4 Rd8 31. g4 gxf4 32. Nxf4 Bg5 33. Kf2 d4 34.
cxd4 cxd4 35. Bc1 Bxa2 36. Ne2 Bh4+ 37. Kf3 Bd5+ 38. Kf4 Bb3 39. Rxd4 Bg5+ 40.
Kg3 Rxd4 41. Nxd4 Bxc1 42. Nxb3 Bxb2 43. Kf4 b6 44. h4 Kd7 45. Kf5 Ke7 46. h5
a5 47. g5 hxg5 48. Nd2 a4 49. h6 Kf8 50. Kf6 Kg8 51. Ne4 a3 52. Nxg5 Bxe5+ 53.
Kxe5 a2 54. h7+ Kg7 0-1

[Event "Cappelle-la-Grande"]
[Site "Cappelle-la-Grande (FRA)"]
[Date "2013.02.26"]
[Round "5.48"]
[White "Lalic, Bogdan"]
[Black "Tate, Alan"]
[Result "1-0"]
[WhiteElo "2478"]
[BlackElo "2290"]
[PlyCount "65"]
[EventDate "2013.??.??"]

1. d4 Nf6 2. c4 c5 3. d5 b5 4. cxb5 a6 5. bxa6 g6 6. Nc3 Bxa6 7. Nf3 Bg7 8. e4
Bxf1 9. Kxf1 d6 10. g3 Nbd7 11. Kg2 Qa5 12. a4 O-O 13. Bd2 Qb6 14. Qc2 e6 15.
dxe6 fxe6 16. Rhe1 Ng4 17. Re2 c4 18. Bf4 Nc5 19. h3 Nf6 20. Be3 Nfd7 21. Nb5
d5 22. exd5 exd5 23. Bd4 Bxd4 24. Nfxd4 Rf6 25. b3 cxb3 26. Nxb3 Raf8 27. N3d4
Ne4 28. f3 Nec5 29. Qa2 Qb7 30. Re7 R8f7 31. Qe2 Qa6 32. a5 Kg7 33. Nc7 1-0

[Event "Cappelle-la-Grande"]
[Site "Cappelle-la-Grande (FRA)"]
[Date "2013.02.26"]
[Round "5.49"]
[White "Borsuk, Angela"]
[Black "Baron, Tal"]
[Result "1/2-1/2"]
[WhiteElo "2250"]
[BlackElo "2470"]
[PlyCount "138"]
[EventDate "2013.??.??"]

1. d4 Nf6 2. Nf3 g6 3. c4 Bg7 4. Nc3 d5 5. Bg5 Ne4 6. cxd5 Nxg5 7. Nxg5 e6 8.
Nf3 exd5 9. e3 c6 10. Bd3 O-O 11. O-O Be6 12. b4 Nd7 13. a4 a5 14. b5 c5 15.
Ne2 Bg4 16. Nf4 cxd4 17. exd4 Bxd4 18. Rc1 Bg7 19. h3 Bxf3 20. Qxf3 Nb6 21. Bc2
Qd6 22. Rcd1 Rac8 23. Bb3 Rc3 24. Rd3 Rxd3 25. Nxd3 Rc8 26. Rc1 Rxc1+ 27. Nxc1
Qb4 28. Qd1 Nc4 29. g3 Qc3 30. Kg2 Nb6 31. Ne2 Qc5 32. Nf4 d4 33. Qf3 Qe7 34.
Nd5 Nxd5 35. Qxd5 b6 36. Qa8+ Bf8 37. Qd5 Qf6 38. Qc6 Qd8 39. Qd5 Qxd5+ 40.
Bxd5 d3 41. f4 Bc5 42. Kf3 Kf8 43. g4 h6 44. Bc4 d2 45. Bb3 Ke7 46. Ke2 Bb4 47.
Kd3 Kf6 48. h4 h5 49. gxh5 gxh5 50. Ke4 Kg6 51. Kf3 Be7 52. Bc2+ f5 53. Kg3 Kf6
54. Bb3 Bd8 55. Kf3 Kg6 56. Kg3 Be7 57. Bd1 Bf6 58. Be2 Bd8 59. Bd1 Bc7 60. Be2
Bd6 61. Bd1 Bf8 62. Kf2 Bc5+ 63. Kg3 Bd4 64. Be2 Bg7 65. Kf2 Bf8 66. Bd1 Bd6
67. Kg3 Kf6 68. Bxh5 Ke6 69. Bf3 Kf6 1/2-1/2

[Event "Cappelle-la-Grande"]
[Site "Cappelle-la-Grande (FRA)"]
[Date "2013.02.26"]
[Round "5.50"]
[White "Abergel, Thal"]
[Black "Boric, Elena"]
[Result "1-0"]
[WhiteElo "2445"]
[BlackElo "2273"]
[PlyCount "151"]
[EventDate "2013.??.??"]

1. e4 Nf6 2. e5 Nd5 3. d4 d6 4. Nf3 g6 5. Be2 Bg7 6. O-O O-O 7. c4 Nb6 8. Nc3
Bg4 9. h3 Bxf3 10. Bxf3 Nc6 11. Bxc6 bxc6 12. c5 Nd5 13. cxd6 cxd6 14. f4 Nxc3
15. bxc3 dxe5 16. fxe5 c5 17. Ba3 cxd4 18. cxd4 Qd7 19. Bc5 Rac8 20. Rc1 a6 21.
Qf3 Qe6 22. Qb3 Qxb3 23. axb3 Rfe8 24. b4 e6 25. Ra1 Rc6 26. Ra5 Bf8 27. Rfa1
Bxc5 28. dxc5 Rb8 29. R1a4 Kf8 30. Kf2 Ke7 31. Ke3 h5 32. h4 Ra8 33. Kd4 f6 34.
exf6+ Kxf6 35. Kc4 g5 36. hxg5+ Kxg5 37. b5 axb5+ 38. Kxb5 Rac8 39. Rc4 e5 40.
Ra3 e4 41. Re3 Kf5 42. g3 R8c7 43. Re2 Rc8 44. Re1 Rg6 45. Rcxe4 Rb8+ 46. Kc4
Rxg3 47. Re5+ Kg6 48. Re6+ Kf7 49. Re7+ Kf6 50. R1e6+ Kf5 51. Re5+ Kf6 52.
R7e6+ Kf7 53. Rh6 Rg4+ 54. Kd5 Rd8+ 55. Rd6 Rh8 56. c6 Ra4 57. Rf5+ Kg7 58. c7
Rc8 59. Rd7+ Kg6 60. Rf1 h4 61. Rg1+ Kf6 62. Rd6+ Kf7 63. Rh6 Ra7 64. Rh7+ Kf6
65. Kd6 Kf5 66. Rf7+ Ke4 67. Rg4+ Kd3 68. Rxh4 Ke3 69. Rb4 Ra6+ 70. Kd7 Raa8
71. Rh7 Rg8 72. Rh3+ Kd2 73. Rb2+ Kc1 74. Rf2 Rg7+ 75. Kc6 Rg1 76. Kb7 1-0

[Event "Cappelle-la-Grande"]
[Site "Cappelle-la-Grande (FRA)"]
[Date "2013.02.26"]
[Round "5.54"]
[White "Gryson, Wouter"]
[Black "Bruno, Fabio"]
[Result "1/2-1/2"]
[WhiteElo "2243"]
[BlackElo "2440"]
[PlyCount "105"]
[EventDate "2013.??.??"]

1. c4 e6 2. g3 d5 3. Bg2 Nf6 4. Nf3 Be7 5. O-O O-O 6. b3 c5 7. Bb2 Nc6 8. e3 a6
9. Qe2 b5 10. cxd5 Nxd5 11. Nc3 Bb7 12. Nxd5 Qxd5 13. Rfd1 Rfd8 14. d3 Rac8 15.
Rac1 a5 16. Ba1 Bf8 17. Qb2 Qh5 18. Ne5 f6 19. Nxc6 Bxc6 20. Bxc6 Rxc6 21. a4
b4 22. Qc2 Rcd6 23. Rd2 Qf5 24. Rcd1 h5 25. h4 R6d7 26. Qc4 Kf7 27. Kg2 Qd5+
28. Qxd5 exd5 29. Kf3 Ke6 30. Rc2 Rc8 31. Rdc1 Rdc7 32. e4 f5 33. exd5+ Kxd5
34. Re1 Bd6 35. Rce2 g6 36. Re6 Rg8 37. Rf6 Re7 38. Rxe7 Bxe7 39. Rb6 Bd6 40.
Rb5 Ra8 41. d4 Re8 42. Rxa5 Re1 43. dxc5 Bc7 44. Ra7 Kc6 45. Bd4 Rb1 46. a5
Rxb3+ 47. Ke2 Ra3 48. a6 b3 49. Rb7 Kd5 50. Bf6 Kc6 51. Bd4 Kd5 52. Be3 Kc6 53.
Bd4 1/2-1/2

[Event "Cappelle-la-Grande"]
[Site "Cappelle-la-Grande (FRA)"]
[Date "2013.02.26"]
[Round "5.55"]
[White "Mateo, Ramon"]
[Black "Bannink, Bernard"]
[Result "1/2-1/2"]
[WhiteElo "2427"]
[BlackElo "2255"]
[PlyCount "84"]
[EventDate "2013.??.??"]

1. c4 e5 2. Nc3 Nf6 3. g3 Bb4 4. Bg2 O-O 5. Qb3 Bxc3 6. bxc3 Nc6 7. Nf3 Re8 8.
O-O b6 9. d3 Bb7 10. e4 d6 11. Nh4 Nd7 12. Qc2 Nf8 13. Nf5 Ne7 14. Ne3 Qd7 15.
Qe2 f6 16. Qh5 Qe6 17. a4 Qf7 18. Qxf7+ Kxf7 19. a5 Ne6 20. Ba3 Nc5 21. Bxc5
bxc5 22. f4 exf4 23. gxf4 Rab8 24. a6 Bc6 25. d4 cxd4 26. cxd4 Rb3 27. Nd5 Nxd5
28. cxd5 Bd7 29. Rfc1 Rc8 30. e5 Ke7 31. Rab1 Rb6 32. Rxb6 cxb6 33. Rxc8 Bxc8
34. Bf1 Bf5 35. Kf2 Bc2 36. Bc4 g5 37. Ke3 gxf4+ 38. Kxf4 Bb1 39. h4 Bc2 40.
Bf1 Bb3 41. Ke4 Bc2+ 42. Kf4 Bb3 1/2-1/2

[Event "Cappelle-la-Grande"]
[Site "Cappelle-la-Grande (FRA)"]
[Date "2013.02.26"]
[Round "5.58"]
[White "Mladenov, Plamen"]
[Black "Donovan, Linton"]
[Result "1-0"]
[WhiteElo "2421"]
[BlackElo "2246"]
[PlyCount "113"]
[EventDate "2013.??.??"]

1. d4 d5 2. c4 e6 3. Nc3 c5 4. cxd5 exd5 5. Nf3 Nc6 6. g3 Nf6 7. Bg2 Be7 8. O-O
O-O 9. b3 Bg4 10. dxc5 Bxc5 11. Na4 Be7 12. Bb2 Re8 13. Rc1 Qa5 14. a3 Rad8 15.
h3 Bxf3 16. Bxf3 Ne4 17. b4 Qb5 18. e3 Nb8 19. Rc7 Na6 20. Be2 Nxc7 21. Bxb5
Nxb5 22. Qd3 a6 23. Nb6 Bf6 24. Bxf6 Nxf6 25. Rc1 d4 26. exd4 Nxd4 27. Kf1 Ne2
28. Qxe2 Rxe2 29. Kxe2 Ne8 30. Rc8 Rxc8 31. Nxc8 f6 32. Kd3 Kf7 33. Kc4 Ke6 34.
Kc5 Kd7 35. Nb6+ Kc7 36. Nd5+ Kd7 37. f3 Nd6 38. g4 Nf7 39. f4 Nd6 40. Kb6 Ke6
41. Nc7+ Kd7 42. a4 a5 43. bxa5 Nc4+ 44. Kxb7 Nxa5+ 45. Ka6 Nb3 46. Nd5 Kd6 47.
Ne3 Kc5 48. Kb7 Kd4 49. Nf5+ Ke4 50. Nxg7 Kxf4 51. Kb6 Kg3 52. Ne6 Kxh3 53. Nc5
Nd2 54. Kb5 Kxg4 55. a5 Ne4 56. Nxe4 f5 57. Nd2 1-0

[Event "Cappelle-la-Grande"]
[Site "Cappelle-la-Grande (FRA)"]
[Date "2013.02.26"]
[Round "5.60"]
[White "Terrieux, Kevin"]
[Black "Jeanne, Mickael"]
[Result "1/2-1/2"]
[WhiteElo "2419"]
[BlackElo "2206"]
[PlyCount "35"]
[EventDate "2013.??.??"]

1. Nf3 Nf6 2. c4 e6 3. g3 d5 4. d4 dxc4 5. Bg2 Bb4+ 6. Bd2 c5 7. dxc5 Bxc5 8.
O-O Nc6 9. Qc2 O-O 10. Qxc4 Bb6 11. Nc3 e5 12. Rad1 Be6 13. Qh4 Qb8 14. Ng5 Bf5
15. Nd5 Nxd5 16. Bxd5 h6 17. Nf3 e4 18. Bxc6 1/2-1/2

[Event "Cappelle-la-Grande"]
[Site "Cappelle-la-Grande (FRA)"]
[Date "2013.02.26"]
[Round "5.61"]
[White "Fayard, Alain"]
[Black "Vovk, Andrey"]
[Result "0-1"]
[WhiteElo "2238"]
[BlackElo "2564"]
[PlyCount "78"]
[EventDate "2013.??.??"]

1. d4 Nf6 2. c4 g6 3. Nc3 Bg7 4. e4 d6 5. Bd3 O-O 6. Nge2 c5 7. d5 e6 8. h3
exd5 9. exd5 Nfd7 10. f4 Na6 11. O-O f5 12. Be3 Nf6 13. Qd2 Bd7 14. Rae1 Kh8
15. Bf2 Nc7 16. Kh1 Nh5 17. Ng1 a6 18. Nf3 Bf6 19. Ng5 Ng7 20. Nf3 b5 21. b3 b4
22. Nd1 a5 23. Re2 a4 24. Qe1 axb3 25. axb3 Ra1 26. Qd2 Bc3 27. Qc2 Nh5 28. g3
Bf6 29. Kg2 Qa8 30. Ne3 Ra3 31. Qd1 Bc8 32. Bb1 Bb7 33. Qd3 Ne6 34. Qc2 Nhxf4+
35. gxf4 Nxf4+ 36. Kg1 Nxe2+ 37. Qxe2 Rxb3 38. Qd1 Qa3 39. Nc2 Rxb1 0-1

[Event "Cappelle-la-Grande"]
[Site "Cappelle-la-Grande (FRA)"]
[Date "2013.02.26"]
[Round "5.62"]
[White "Shvayger, Yuliya"]
[Black "Gopal G.n."]
[Result "1/2-1/2"]
[WhiteElo "2232"]
[BlackElo "2545"]
[PlyCount "40"]
[EventDate "2013.??.??"]

1. e4 c5 2. Nf3 d6 3. d4 cxd4 4. Nxd4 Nf6 5. Nc3 a6 6. f4 Qc7 7. Bd3 g6 8. Nf3
Bg7 9. O-O Nbd7 10. Qe1 b5 11. e5 dxe5 12. fxe5 Ng4 13. e6 fxe6 14. Qh4 Ndf6
15. h3 Ne5 16. Bh6 Bxh6 17. Qxh6 Bb7 18. Nxe5 Qxe5 19. Rae1 Qc5+ 20. Qe3 Qc6
1/2-1/2

[Event "Cappelle-la-Grande"]
[Site "Cappelle-la-Grande (FRA)"]
[Date "2013.02.26"]
[Round "5.63"]
[White "Jojua, Davit"]
[Black "Lokander, Martin"]
[Result "1/2-1/2"]
[WhiteElo "2543"]
[BlackElo "2231"]
[PlyCount "49"]
[EventDate "2013.??.??"]

1. d4 d5 2. c4 e6 3. Nc3 Nf6 4. cxd5 Nxd5 5. e4 Nxc3 6. bxc3 c5 7. Nf3 cxd4 8.
cxd4 Bb4+ 9. Bd2 Bxd2+ 10. Qxd2 O-O 11. Bc4 Nc6 12. O-O b6 13. Rad1 Bb7 14. d5
exd5 15. Bxd5 Qe7 16. Qf4 Rad8 17. h4 Nb4 18. Bxb7 Qxb7 19. e5 Nd3 20. Qf5 Qd7
21. Qe4 Qd5 22. Qe3 Qc4 23. Rd2 Nc5 24. Rfd1 Rxd2 25. Rxd2 1/2-1/2

[Event "Cappelle-la-Grande"]
[Site "Cappelle-la-Grande (FRA)"]
[Date "2013.02.26"]
[Round "5.102"]
[White "Valuet, Bertrand"]
[Black "Lucifora, Nicolas"]
[Result "1-0"]
[WhiteElo "2290"]
[BlackElo "1791"]
[PlyCount "47"]
[EventDate "2013.??.??"]

1. e4 Nf6 2. e5 Nd5 3. c4 Nb6 4. d4 d6 5. exd6 exd6 6. Nf3 Be7 7. h3 Nc6 8. Nc3
Bf6 9. Be3 Bf5 10. Rc1 O-O 11. g4 Bd7 12. a3 a5 13. b3 Re8 14. Be2 g6 15. Kf1
Bg7 16. Kg2 f5 17. Bg5 Qc8 18. c5 dxc5 19. dxc5 Bxc3 20. Rxc3 Rxe2 21. Qxe2 Nd5
22. Rd3 Nce7 23. Qe5 Qf8 24. Bxe7 1-0

[Event "Cappelle-la-Grande"]
[Site "Cappelle-la-Grande (FRA)"]
[Date "2013.02.26"]
[Round "5.103"]
[White "Lefebvre, Herve"]
[Black "Mimura, Kensuke"]
[Result "1-0"]
[WhiteElo "2286"]
[BlackElo "1770"]
[PlyCount "41"]
[EventDate "2013.??.??"]

1. d4 d5 2. c4 c6 3. Nf3 Nf6 4. e3 e6 5. Nbd2 Nbd7 6. Bd3 Bd6 7. O-O O-O 8. e4
dxc4 9. Nxc4 Bc7 10. e5 Nd5 11. Bxh7+ Kxh7 12. Ng5+ Qxg5 13. Bxg5 f6 14. exf6
N7xf6 15. Ne5 Bxe5 16. dxe5 Nd7 17. f4 b6 18. Qc2+ Kg8 19. Qxc6 Ba6 20. Qxe6+
Kh8 21. Rf3 1-0

[Event "Cappelle-la-Grande"]
[Site "Cappelle-la-Grande (FRA)"]
[Date "2013.02.26"]
[Round "5.105"]
[White "Waucampt, Yoan"]
[Black "Papp, Petra"]
[Result "0-1"]
[WhiteElo "1773"]
[BlackElo "2280"]
[PlyCount "52"]
[EventDate "2013.??.??"]

1. d4 d5 2. c4 c6 3. Nf3 Nf6 4. Nc3 e6 5. cxd5 exd5 6. Bg5 h6 7. Bf4 Bf5 8. Qb3
Qb6 9. e3 Nbd7 10. Be2 g5 11. Be5 Nxe5 12. Nxe5 Nd7 13. Qxb6 axb6 14. f4 gxf4
15. exf4 Nxe5 16. fxe5 Be7 17. O-O Be6 18. Bh5 Rg8 19. Rf3 Rg5 20. g4 Bxg4 21.
Bxf7+ Kf8 22. Rf4 Bf5+ 23. Kh1 Kxf7 24. h4 Rh5 25. Raf1 Ke6 26. Ne2 Rg8 0-1

[Event "Cappelle-la-Grande"]
[Site "Cappelle-la-Grande (FRA)"]
[Date "2013.02.26"]
[Round "5.108"]
[White "Haast, Anne"]
[Black "Renard, Luc"]
[Result "1-0"]
[WhiteElo "2268"]
[BlackElo "1734"]
[PlyCount "39"]
[EventDate "2013.??.??"]

1. e4 e6 2. d4 d5 3. Nc3 dxe4 4. Nxe4 Nd7 5. c4 Ngf6 6. Nc3 h6 7. Nf3 Bb4 8.
Qc2 O-O 9. Be2 c5 10. O-O cxd4 11. Nxd4 a6 12. Rd1 Qc7 13. Ne4 Nxe4 14. Qxe4
Nf6 15. Qf3 Be7 16. a3 Bd7 17. h3 Ne8 18. Bd3 Nd6 19. Bf4 Bc6 20. Qg3 1-0

[Event "Cappelle-la-Grande"]
[Site "Cappelle-la-Grande (FRA)"]
[Date "2013.02.26"]
[Round "5.110"]
[White "Robion, Jean-Claude"]
[Black "Sgircea, Silvia-Raluca"]
[Result "0-1"]
[WhiteElo "1717"]
[BlackElo "2263"]
[PlyCount "54"]
[EventDate "2013.??.??"]

1. e4 c5 2. Nf3 Nc6 3. d4 cxd4 4. Nxd4 g6 5. c4 Nf6 6. Nc3 d6 7. f3 Bg7 8. Be3
O-O 9. Qd2 Bd7 10. Be2 Nxd4 11. Bxd4 Bc6 12. O-O a5 13. Rab1 a4 14. Rfc1 Qa5
15. Qe3 Nd7 16. Bxg7 Kxg7 17. Qd4+ Kg8 18. Kh1 Qb4 19. Qe3 Rac8 20. Nd5 Bxd5
21. cxd5 Rc5 22. Rxc5 Nxc5 23. b3 axb3 24. axb3 Ra8 25. Bd1 Ra2 26. Kg1 Rd2 27.
Be2 Rb2 0-1

[Event "Cappelle-la-Grande"]
[Site "Cappelle-la-Grande (FRA)"]
[Date "2013.02.26"]
[Round "5.112"]
[White "Lefebvre, Jerome"]
[Black "Kulon, Klaudia"]
[Result "0-1"]
[WhiteElo "1709"]
[BlackElo "2262"]
[PlyCount "54"]
[EventDate "2013.??.??"]

1. d4 d5 2. Nf3 c6 3. g3 g6 4. Bg2 Bg7 5. Bf4 Nf6 6. O-O O-O 7. Qc1 Re8 8. Re1
Na6 9. Nc3 c5 10. Be5 cxd4 11. Bxd4 Nb4 12. a3 Nc6 13. Bxf6 Bxf6 14. Qd2 d4 15.
Ne4 Bg7 16. Rad1 Qb6 17. Qc1 f5 18. Ned2 e5 19. Nc4 Qc5 20. Nfd2 a5 21. e3 e4
22. exd4 Bxd4 23. Ne3 Be6 24. c3 Bg7 25. Bf1 Ne5 26. a4 Red8 27. Bg2 Nd3 0-1

[Event "Cappelle-la-Grande"]
[Site "Cappelle-la-Grande (FRA)"]
[Date "2013.02.26"]
[Round "5.113"]
[White "Olsarova, Tereza"]
[Black "Van Poucke, Anthony"]
[Result "1-0"]
[WhiteElo "2255"]
[BlackElo "1649"]
[PlyCount "43"]
[EventDate "2013.??.??"]

1. f4 e5 2. fxe5 d6 3. e4 Qh4+ 4. g3 Qxe4+ 5. Qe2 Qxe2+ 6. Bxe2 dxe5 7. Nf3 Bd6
8. Nc3 Nf6 9. d3 Nbd7 10. Nb5 O-O 11. Nxd6 cxd6 12. O-O Nb6 13. Bg5 Nbd7 14.
Nh4 h6 15. Bd2 Nb6 16. Bxh6 Nbd5 17. Bg5 Nh7 18. Bd2 Be6 19. Bf3 Rab8 20. Bxd5
Bxd5 21. Nf5 Bc6 22. Bb4 1-0

[Event "Cappelle-la-Grande"]
[Site "Cappelle-la-Grande (FRA)"]
[Date "2013.02.26"]
[Round "5.115"]
[White "Alloui-Cros, Alix"]
[Black "Forthofer, Robert"]
[Result "0-1"]
[WhiteElo "1608"]
[BlackElo "2249"]
[PlyCount "52"]
[EventDate "2013.??.??"]

1. e4 c5 2. Nf3 a6 3. d4 cxd4 4. Nxd4 Nf6 5. Nc3 e5 6. Nb3 Bb4 7. f3 d5 8. Qd3
d4 9. a3 Ba5 10. Nxa5 Qxa5 11. b4 Qc7 12. Na4 Nbd7 13. Be2 O-O 14. O-O b5 15.
Nb2 Bb7 16. Bd2 Rfc8 17. Rfc1 Qb6 18. Kh1 Nf8 19. c3 dxc3 20. Rxc3 Rxc3 21.
Bxc3 Rd8 22. Qc2 Ng6 23. g3 Nxe4 24. Nd3 Qe3 25. Be1 Ng5 26. Nf2 Nxf3 0-1

[Event "Cappelle-la-Grande"]
[Site "Cappelle-la-Grande (FRA)"]
[Date "2013.02.26"]
[Round "5.118"]
[White "Petre, Nad-Titus"]
[Black "Feys, Bert"]
[Result "1-0"]
[WhiteElo "2374"]
[BlackElo "2025"]
[PlyCount "49"]
[EventDate "2013.??.??"]

1. Nf3 d6 2. d4 Bg4 3. e3 Nd7 4. Be2 Ngf6 5. c4 e5 6. Nc3 Be7 7. h3 Bh5 8. b3
c6 9. g4 Bg6 10. Bb2 Ne4 11. Nxe4 Bxe4 12. Bd3 Bxd3 13. Qxd3 Bf6 14. O-O-O exd4
15. Qe4+ Qe7 16. Qxe7+ Kxe7 17. g5 Be5 18. Nxd4 g6 19. f4 Bxd4 20. Bxd4 Rhe8
21. h4 Nf8 22. Bf6+ Ke6 23. e4 c5 24. Rd5 a5 25. Rhd1 1-0

[Event "Cappelle-la-Grande"]
[Site "Cappelle-la-Grande (FRA)"]
[Date "2013.02.26"]
[Round "5.120"]
[White "Coulon, Guillaume"]
[Black "Dolzhykova, Kateryna"]
[Result "1-0"]
[WhiteElo "2002"]
[BlackElo "2309"]
[PlyCount "55"]
[EventDate "2013.??.??"]

1. e4 c5 2. Nf3 d6 3. d4 cxd4 4. Nxd4 Nf6 5. Nc3 Bd7 6. Be2 Nc6 7. Be3 g6 8. f3
Bg7 9. Qd2 O-O 10. g4 Nxd4 11. Bxd4 Bc6 12. g5 Nh5 13. Bxg7 Nxg7 14. O-O-O Qa5
15. Kb1 Rfc8 16. h4 Nh5 17. f4 Ng3 18. Rh3 Nxe2 19. Qxe2 Bd7 20. Rg3 Be6 21. a3
Bc4 22. Qh2 b5 23. h5 b4 24. Rh1 bxc3 25. hxg6 fxg6 26. Qxh7+ Kf8 27. Qxg6 e5
28. Qxd6+ 1-0

[Event "Cappelle-la-Grande"]
[Site "Cappelle-la-Grande (FRA)"]
[Date "2013.02.26"]
[Round "5.121"]
[White "Scherrer, Roch"]
[Black "Cappon, John"]
[Result "1/2-1/2"]
[WhiteElo "2002"]
[BlackElo "2239"]
[PlyCount "40"]
[EventDate "2013.??.??"]

1. d4 Nf6 2. Nf3 e6 3. c4 b6 4. g3 Ba6 5. Qc2 c5 6. Bg2 Bb7 7. d5 exd5 8. cxd5
Bxd5 9. Nc3 Bc6 10. e4 Be7 11. O-O O-O 12. Rd1 Qc8 13. Bf4 Na6 14. a3 Nc7 15.
Ne5 Ne6 16. Be3 Re8 17. Rd2 Bb7 18. Nb5 Qb8 19. Nc4 Ng4 20. Rad1 Nxe3 1/2-1/2

[Event "Cappelle-la-Grande"]
[Site "Cappelle-la-Grande (FRA)"]
[Date "2013.02.26"]
[Round "5.123"]
[White "Gasik, Anna"]
[Black "Desert, Xavier"]
[Result "1/2-1/2"]
[WhiteElo "2232"]
[BlackElo "2020"]
[PlyCount "80"]
[EventDate "2013.??.??"]

1. e4 e6 2. d4 d5 3. Nd2 c5 4. exd5 exd5 5. dxc5 Bxc5 6. Nb3 Bd6 7. c3 Ne7 8.
Bd3 Nbc6 9. Nf3 Bg4 10. Be3 a6 11. Nbd4 Qd7 12. O-O O-O 13. Qc2 h6 14. Rfe1
Nxd4 15. Nxd4 Qc7 16. h3 Bd7 17. Rad1 Rfe8 18. Nf5 Nxf5 19. Bxf5 Bc6 20. Qd2
Re5 21. Bb1 Rae8 22. c4 Qe7 23. Rf1 Qh4 24. Qc2 g6 25. cxd5 Bxd5 26. Rd4 Qh5
27. Rfd1 Bb8 28. Qd2 Bc6 29. Rd8 Rxd8 30. Qxd8+ Re8 31. Qd2 Qe5 32. g3 h5 33.
Bf4 Qe6 34. Kh2 Ba7 35. Bc2 Qe2 36. Qxe2 Rxe2 37. Rd2 Re1 38. Rd1 Re2 39. Rd2
Re1 40. Rd1 Re2 1/2-1/2

[Event "Cappelle-la-Grande"]
[Site "Cappelle-la-Grande (FRA)"]
[Date "2013.02.26"]
[Round "5.130"]
[White "Verduyn, Frederic"]
[Black "Boutchenik, Cyril"]
[Result "0-1"]
[WhiteElo "2168"]
[BlackElo "1960"]
[PlyCount "76"]
[EventDate "2013.??.??"]

1. d4 e6 2. c4 Nf6 3. g3 Bb4+ 4. Bd2 Bxd2+ 5. Qxd2 d6 6. Nc3 Nbd7 7. Bg2 O-O 8.
e4 e5 9. d5 a5 10. Nge2 Ne8 11. O-O g6 12. h3 Ng7 13. Rac1 f5 14. f4 Qe7 15.
exf5 Nxf5 16. Ne4 Nf6 17. Nxf6+ Rxf6 18. Rce1 Bd7 19. Qc3 Re8 20. fxe5 dxe5 21.
c5 Bb5 22. d6 Qd7 23. g4 Bxe2 24. Rxe2 Nd4 25. Qc4+ Kg7 26. Ref2 Rxf2 27. Rxf2
cxd6 28. cxd6 b5 29. Qd5 Re6 30. Qa8 Qxd6 31. Bd5 Rf6 32. g5 Rf8 33. Qb7+ Kh8
34. Rf7 Rxf7 35. Qxf7 Qd8 36. h4 Ne2+ 37. Kh1 Nf4 38. Bb3 Qa8+ 0-1

[Event "Cappelle-la-Grande"]
[Site "Cappelle-la-Grande (FRA)"]
[Date "2013.02.26"]
[Round "5.159"]
[White "Shalnev, Nikolai"]
[Black "Glod, Philippe"]
[Result "1/2-1/2"]
[WhiteElo "2338"]
[BlackElo "1904"]
[PlyCount "39"]
[EventDate "2013.??.??"]

1. e4 e6 2. d4 d5 3. Nc3 Bb4 4. e5 Ne7 5. a3 Bxc3+ 6. bxc3 b6 7. Bb5+ c6 8. Bd3
Ba6 9. Bxa6 Nxa6 10. Qe2 Nb8 11. a4 Nd7 12. Nf3 c5 13. O-O O-O 14. g3 Qc7 15.
Ba3 Rfe8 16. Rfd1 Rac8 17. Ra2 cxd4 18. cxd4 Qc4 19. Qxc4 Rxc4 20. Bxe7 1/2-1/2

[Event "Cappelle-la-Grande"]
[Site "Cappelle-la-Grande (FRA)"]
[Date "2013.02.26"]
[Round "5.165"]
[White "Chardin, Thierry"]
[Black "Van Steenkiste, Luc"]
[Result "1-0"]
[WhiteElo "2101"]
[BlackElo "1876"]
[PlyCount "46"]
[EventDate "2013.??.??"]

1. d4 f5 2. e4 fxe4 3. Nc3 Nf6 4. Bg5 c6 5. f3 e3 6. Bd3 Qa5 7. Bxe3 e5 8. Nge2
Be7 9. O-O O-O 10. Ng3 exd4 11. Bxd4 d5 12. Kh1 Qc7 13. Qd2 Bd6 14. Qg5 Bf4 15.
Qh4 Bxg3 16. hxg3 Qd6 17. Rfe1 Nbd7 18. f4 c5 19. Be5 Qc6 20. Rad1 c4 21. Nxd5
Nxd5 22. Qxh7+ Kf7 23. Qxg7+ Ke8 1-0

[Event "Cappelle-la-Grande"]
[Site "Cappelle-la-Grande (FRA)"]
[Date "2013.02.27"]
[Round "6.3"]
[White "Petkov, Vladimir"]
[Black "Fedorchuk, Sergey A"]
[Result "0-1"]
[WhiteElo "2559"]
[BlackElo "2643"]
[PlyCount "80"]
[EventDate "2013.??.??"]

1. d4 Nf6 2. c4 e6 3. Nc3 Bb4 4. g3 O-O 5. Bg2 d5 6. cxd5 exd5 7. e3 c6 8. Nge2
Re8 9. O-O Nbd7 10. Bd2 Bf8 11. h3 Nb6 12. b3 Ne4 13. Nxe4 dxe4 14. g4 h5 15.
Ng3 hxg4 16. hxg4 Qh4 17. Nxe4 Bxg4 18. Qe1 Rxe4 19. f3 Bxf3 20. Rxf3 Qxe1+ 21.
Rxe1 Rae8 22. Rh3 R4e6 23. Kf2 g6 24. e4 Bg7 25. Bc3 Rd8 26. Rd1 Red6 27. Rhd3
c5 28. Ke3 cxd4+ 29. Bxd4 Bxd4+ 30. Rxd4 Rxd4 31. Rxd4 Re8 32. Kf4 Re7 33. e5
Nd7 34. Rd5 b6 35. Bh3 Nf8 36. Rd6 Kg7 37. Bf1 Ne6+ 38. Ke4 Nc5+ 39. Kd5 Nd7
40. e6 Nf6+ 0-1